<?xml version="1.0" encoding="UTF-8"?>
<record
    xmlns:xsi="http://www.w3.org/2001/XMLSchema-instance"
    xsi:schemaLocation="http://www.loc.gov/MARC21/slim http://www.loc.gov/standards/marcxml/schema/MARC21slim.xsd"
    xmlns="http://www.loc.gov/MARC21/slim">

  <leader>00502nam a2200145Ia 4500</leader>
  <controlfield tag="008">230917s9999||||xx |||||||||||||| ||und||</controlfield>
  <datafield tag="040" ind1=" " ind2=" ">
    <subfield code="e">156709</subfield>
    <subfield code="a">MAIN</subfield>
  </datafield>
  <datafield tag="041" ind1=" " ind2=" ">
    <subfield code="a">English</subfield>
  </datafield>
  <datafield tag="082" ind1=" " ind2=" ">
    <subfield code="a">891.4337209 MS369H</subfield>
  </datafield>
  <datafield tag="100" ind1=" " ind2=" ">
    <subfield code="a">&#x92E;&#x947;&#x930;&#x940;, &#x938;&#x93F;&#x938;&#x94D;&#x91F;&#x930; &#x915;&#x94D;&#x932;&#x947;&#x92E;&#x947;&#x902;&#x91F;</subfield>
  </datafield>
  <datafield tag="245" ind1=" " ind2="0">
    <subfield code="a">&#x939;&#x93F;&#x928;&#x94D;&#x926;&#x940; &#x915;&#x93E; &#x938;&#x94D;&#x935;&#x93E;&#x924;&#x902;&#x924;&#x94D;&#x930;&#x94B;&#x924;&#x94D;&#x924;&#x930; &#x935;&#x93F;&#x91A;&#x93E;&#x930;&#x93E;&#x924;&#x94D;&#x92E;&#x915; &#x917;&#x926;&#x94D;&#x92F;</subfield>
  </datafield>
  <datafield tag="260" ind1=" " ind2=" ">
    <subfield code="a">&#x907;&#x932;&#x93E;&#x939;&#x93E;&#x92C;&#x93E;&#x926;</subfield>
    <subfield code="b">&#x938;&#x94D;&#x92E;&#x943;&#x924;&#x93F;</subfield>
  </datafield>
  <datafield tag="300" ind1=" " ind2=" ">
    <subfield code="a">351 p.</subfield>
  </datafield>
  <datafield tag="942" ind1=" " ind2=" ">
    <subfield code="c">HN</subfield>
  </datafield>
  <datafield tag="952" ind1=" " ind2=" ">
    <subfield code="0">0</subfield>
    <subfield code="1">0</subfield>
    <subfield code="4">0</subfield>
    <subfield code="6">891_433720900000000_MS369H</subfield>
    <subfield code="7">0</subfield>
    <subfield code="9">140995</subfield>
    <subfield code="a">MAIN</subfield>
    <subfield code="b">MAIN</subfield>
    <subfield code="d">2010-05-28</subfield>
    <subfield code="l">0</subfield>
    <subfield code="o">891.4337209 MS369H</subfield>
    <subfield code="p">17508</subfield>
    <subfield code="r">2023-09-17 21:04:51</subfield>
    <subfield code="w">2023-09-17</subfield>
    <subfield code="y">HN</subfield>
  </datafield>
  <datafield tag="952" ind1=" " ind2=" ">
    <subfield code="0">0</subfield>
    <subfield code="1">0</subfield>
    <subfield code="4">0</subfield>
    <subfield code="6">891_433720900000000_MS369H</subfield>
    <subfield code="7">0</subfield>
    <subfield code="9">140996</subfield>
    <subfield code="a">MAIN</subfield>
    <subfield code="b">MAIN</subfield>
    <subfield code="d">2010-05-28</subfield>
    <subfield code="l">0</subfield>
    <subfield code="o">891.4337209 MS369H</subfield>
    <subfield code="p">18758</subfield>
    <subfield code="r">2023-09-17 21:04:51</subfield>
    <subfield code="w">2023-09-17</subfield>
    <subfield code="y">HN</subfield>
  </datafield>
  <datafield tag="952" ind1=" " ind2=" ">
    <subfield code="0">0</subfield>
    <subfield code="1">0</subfield>
    <subfield code="4">0</subfield>
    <subfield code="6">891_433720900000000_MS369H</subfield>
    <subfield code="7">0</subfield>
    <subfield code="9">140997</subfield>
    <subfield code="a">MAIN</subfield>
    <subfield code="b">MAIN</subfield>
    <subfield code="d">2010-05-28</subfield>
    <subfield code="l">1</subfield>
    <subfield code="o">891.4337209 MS369H</subfield>
    <subfield code="p">20364</subfield>
    <subfield code="r">2024-06-07 13:27:11</subfield>
    <subfield code="s">2024-04-08</subfield>
    <subfield code="w">2023-09-17</subfield>
    <subfield code="y">HN</subfield>
  </datafield>
  <datafield tag="999" ind1=" " ind2=" ">
    <subfield code="c">93577</subfield>
    <subfield code="d">93577</subfield>
  </datafield>
</record>
